Ambedkar on Religion: A Liberative Perspective (Record no. 22998)

MARC details
000 -LEADER
fixed length control field 00327nam a22001337a 4500
020 ## - INTERNATIONAL STANDARD BOOK NUMBER
ISBN 9789388162326
082 ## - DEWEY DECIMAL CLASSIFICATION NUMBER
Classification number 294.5176 KUM
100 ## - MAIN ENTRY--AUTHOR NAME
Author name Kumar, Sanjay
245 ## - TITLE STATEMENT
Title Ambedkar on Religion: A Liberative Perspective
260 ## - PUBLICATION, DISTRIBUTION, ETC. (IMPRINT)
Place of publication New Delhi
Name of publisher Writers World
Year of publication 2018
300 ## - PHYSICAL DESCRIPTION
Number of Pages 232
650 ## - SUBJECT ADDED ENTRY--TOPICAL TERM
Topical Term Hinduism-Politics
942 ## - ADDED ENTRY ELEMENTS (KOHA)
Koha item type Books
Holdings
Collection code Home library Current library Shelving location Date acquired Source of acquisition Cost, normal purchase price Full call number Accession Number Koha item type
Non-fiction Henry Martyn Institute Library Henry Martyn Institute Library General stacks 09/15/2020 Dasgupta Publishers, Kolkata 1495.00 294.5176 KUM 25680 Books
                   Copyright © 2026 | Henry Martyn Institute | Hyderabad | TS-500052 | INDIA | Implemented by hmi.edu.in
Hit-Count:

Powered by Koha